000 00488nam a2200205Ia 4500
005 20240823022102.0
008 240823s9999||||xx |||||||||||||| ||und||
020 _a81-309-0041-6
041 _aENGLISH
082 _A910 P7
100 _aDebashis Chakraborty
245 0 _aGeographic Information System
250 _a1st
260 _c2007
_b"Viva,New "
_aNew Delhi
500 _aYES
650 _aGeography
_bGeneral
700 _a Rabi N Sahoo
942 _cBK
999 _c178333
_d178333